00853nam a2200229 i 450000100060000000300090000600500170001500700030003200800450003501500190008001600180009902000180011704000280013508000420016310000370020524501350024226000640037730000280044160000760046970000450054585200330059011683ES-MaACL20250521063425.0t|880721s1987 sp ||||0| spa j ..| a1988-OCT-184117 zSAB9000026237 a84-7491-223-7 aM-BN-DP bspa cM-BN-DP a860 Gómez de la Serna, Ramón 1.061 aVentín Pereira, José Augusto10aRadiorramonismo b: antología y estudio de textos radiofónicos de Ramón Gómez de la Serna / cJ. Augusto Ventín Pereira. aMadrid : bEditorial de la Universidad Complutense, c1987. a272 p : bil ; c24 cm.14aGómez de la Serna, Ramón,d1888-1963-xCrítica e interpretación1 aGómez de la Serna, Ramón,d1888-1963 aES-MaACLjL-19100 bR.125202